Normal view
MARC view
Entry Personal Name
001 - CONTROL NUMBER
- control field: 754930
003 - CONTROL NUMBER IDENTIFIER
- control field: OSt
005 - DATE AND TIME OF LATEST TRANSACTION
- control field: 20250507122108.0
008 - FIXED-LENGTH DATA ELEMENTS
- fixed length control field: 250507|| aca||aabn | a|a d
040 ## - CATALOGING SOURCE
- Original cataloging agency: OSt
- Transcribing agency: OSt
100 ## - HEADING--PERSONAL NAME
- Personal name: ਮਾਦਪੁਰੀ, ਸੁਖਦੇਵ
670 ## - SOURCE DATA FOUND
- Source citation: Work cat.: (OSt)1312974: ਮਾਦਪੁਰੀ, ਸੁਖਦੇਵ , ਪੁਣਜੁਆਬੀ ਬੁਝਾਰਤਾਂ , 2019.
